000 00741nas a2200241 4500
001 BR7905200
003 BR-BrBNA
005 20231205083910.0
007 ta
008 230509b bl.|||p| |||| 00| 00por d
040 _aBR-BrBNA
_bpor
_cBiblioteca Nacional de Agricultura
041 _a(Pt)
072 _aK70
100 1 _aLemos, J.M.
100 1 _aGama, M. de P.
245 1 _aIndices de periculosidade de incendios no Distrito Federal [Protecao florestal; Brasil]
650 _aProtecao florestal
650 _aIncendio florestal
650 _aDistrito Federal
773 0 _tBrasil Madeira (Brazil)
_xISSN 0100-3119
_g(Jul 1979), v. 3(31) p. 14-17
_wBR7905200
909 _a202311
_bLúcia
_c55
_dLúcia Elande
942 _2AGRIS
_n0
_cANA
999 _c101901
_d101901